Liverpool - Manchester United Scorers - Statistics

General Stats
  • This quiz has been taken 550 times
    9 since last reset
  • The average score is 32 of 82
Answer Stats
Player Club Last Goals % Correct
Bruno Fernandes Man Utd 2024 2
100%
Cody Gakpo Liverpool 2026 5
100%
Mohamed Salah Liverpool 2025 12
100%
Sadio Mané Liverpool 2022 2
100%
Steven Gerrard Liverpool 2014 7
100%
Luis Suarez Liverpool 2014 2
89%
Michael Owen Liverpool 2001 3
89%
Roberto Firmino Liverpool 2023 3
89%
Ryan Giggs Man Utd 2003 3
89%
Wayne Rooney Man Utd 2016 6
89%
Cristiano Ronaldo Man Utd 2009 2
78%
Daniel Sturridge Liverpool 2015 3
78%
Robbie Fowler Liverpool 2001 6
78%
Bryan Mbeumo Man Utd 2025 1
67%
Carlos Tevez Man Utd 2008 2
67%
Darwin Núñez Liverpool 2023 2
67%
David Beckham Man Utd 2001 3
67%
Dirk Kuyt Liverpool 2011 3
67%
Marcus Rashford Man Utd 2022 5
67%
Paul Scholes Man Utd 2006 2
67%
Dimitar Berbatov Man Utd 2010 3
56%
Harry Maguire Man Utd 2025 1
56%
Ian Rush Liverpool 1993 2
56%
Matheus Cunha Man Utd 2026 1
56%
Naby Keita Liverpool 2021 1
56%
Nani Man Utd 2008 1
56%
Adam Lallana Liverpool 2019 1
44%
Amad Diallo Man Utd 2025 1
44%
Benjamin Šeško Man Utd 2026 1
44%
Fernando Torres Liverpool 2010 3
44%
James Milner Liverpool 2017 1
44%
Nemanja Vidic Man Utd 2013 1
44%
Rio Ferdinand Man Utd 2006 1
44%
Robin van Persie Man Utd 2014 2
44%
Ruud van Nistelrooy Man Utd 2003 2
44%
Ryan Babel Liverpool 2008 1
44%
Zlatan Ibrahimovic Man Utd 2017 1
44%
Andrea Dossena Liverpool 2009 1
33%
Andy Cole Man Utd 1999 4
33%
Dominik Szoboszlai Liverpool 2026 1
33%
Dwight Yorke Man Utd 1999 1
33%
Eric Cantona Man Utd 1995 1
33%
Jamie Redknapp Liverpool 1999 2
33%
John Arne Riise Liverpool 2001 1
33%
John O'Shea Man Utd 2007 1
33%
Kobbie Mainoo Man Utd 2026 2
33%
Luis Díaz Liverpool 2024 4
33%
Wes Brown Man Utd 2008 1
33%
Anthony Martial Man Utd 2015 1
22%
Danny Murphy Liverpool 2004 3
22%
Diogo Jota Liverpool 2021 2
22%
Mark Hughes Man Utd 1993 3
22%
Mikaël Silvestre Man Utd 2004 2
22%
Ole Gunnar Solskjær Man Utd 2003 2
22%
Paul Ince Liverpool 1999 2
22%
Sami Hyypiä Liverpool 2002 2
22%
Xherdan Shaqiri Liverpool 2018 2
22%
Ander Herrera Man Utd 2015 1
11%
Andrei Kanchelskis Man Utd 1994 1
11%
Christian Benteke Liverpool 2015 1
11%
David N'Gog Liverpool 2009 1
11%
Diego Forlan Man Utd 2002 2
11%
Fabio Aurélio Liverpool 2009 1
11%
Gary Pallister Man Utd 1997 2
11%
Harry Kewell Liverpool 2003 1
11%
Jadon Sancho Man Utd 2022 1
11%
Javier Hernandez Man Utd 2011 2
11%
Jesse Lingard Man Utd 2018 1
11%
John Barnes Liverpool 1997 1
11%
Lisandro Martínez Man Utd 2025 1
11%
Neil Ruddock Liverpool 1994 1
11%
Nicky Butt Man Utd 1995 1
11%
Nigel Clough Liverpool 1994 2
11%
Patrick Berger Liverpool 2000 2
11%
Steve Bruce Man Utd 1994 1
11%
Brian McClair Man Utd 1994 2
0%
Daley Blind Man Utd 2015 1
0%
Denis Irwin Man Utd 1999 3
0%
Don Hutchison Liverpool 1992 1
0%
Juan Mata Man Utd 2015 3
0%
Park Ji-sung Man Utd 2010 1
0%
Ronny Johnsen Man Utd 1998 1
0%
No matching quizzes found
Score Distribution
Percent of People with Each Score
Percentile by Number Answered
Your Score History
You have not taken this quiz since the last reset